Statistics for A to Z: Musical Terms #2

Click here to take the quiz!

General Stats

  • This quiz has been taken 8,916 times
  • The average score is 15 of 26

Answer Stats

HintAnswer% Correct
SHigh, female voiceSoprano
91%
TSpeed of a piece of musicTempo
88%
JCoin-operated music machineJukebox
87%
PSmall, high-pitched flutePiccolo
85%
ESang "Hotel California"Eagles
84%
WPopular Viennese dance in 3/4 timeWaltz
83%
XCommon percussion instrumentXylophone
83%
MDevice that keeps a regular beatMetronome
82%
FSpanish dance with castanetsFandango
76%
AOperatic songAria
73%
KB-flat major, e.g.Key
71%
IWhat jazz musicians doImprovise
69%
RMass for the deadRequiem
61%
YCellist MaYo-Yo
61%
HBaroque keyboardHarpsichord
60%
BStreet performerBusker
55%
VComposed operas "Aida" and "Rigoletto"Verdi
48%
OIntroductory music to an operaOverture
44%
DThis resolves to a consonanceDissonance
34%
GComposed "Peer Gynt"Grieg
34%
UVertically strung pianoUpright
31%
Z"The Mothers of Invention" singerZappa, Frank
31%
NInterval one step higher than an octaveNinth
27%
LGerman art songLied
24%
Q"Crotchet", in US terminologyQuarter Note
23%
C1st chair orchestral violinistConcertmaster
20%

Score Distribution

Percentile by Number Answered

Percent of People with Each Score

Your Score History

You have not taken this quiz